Boj ohně a ledu
Aj keď sa za príčinu súčasných problémov označuje krach na trhu hypoték v USA, skutočné problémy sú omnoho hlbšie a dlhodobejšie. Majú dve hlavné príčiny: dlhodobý ekonomický cyklus Spojených štátov a ďalších vyspelých ekonomík a štátne zásahy. Čína vyrába, Amerika nakupuje, pričom Čiňania na nákupy...
Salvato in:
| Natura: | Capitolo di libro |
|---|---|
| Lingua: | ceco |
| Soggetti: | |
| Tags: |
Nessun Tag, puoi essere il primo ad aggiungerne!!
|
MARC
| LEADER | 00000naa$a2200000$$$4500 | ||
|---|---|---|---|
| 001 | 0092353 | ||
| 005 | 20230804111610.2 | ||
| 041 | 0 | |a cze | |
| 044 | |a CZ | ||
| 245 | 1 | 0 | |a Boj ohně a ledu |
| 520 | |a Aj keď sa za príčinu súčasných problémov označuje krach na trhu hypoték v USA, skutočné problémy sú omnoho hlbšie a dlhodobejšie. Majú dve hlavné príčiny: dlhodobý ekonomický cyklus Spojených štátov a ďalších vyspelých ekonomík a štátne zásahy. Čína vyrába, Amerika nakupuje, pričom Čiňania na nákupy Američanom požičiavajú. Zima prevzala vládu v dlhodobom ekonomickom cykle. (Kondratevova teória jari, leta, jesene a zimy). Balancovanie medzi defláciou a infláciou od roku 2000. | ||
| 610 | 2 | 0 | |a cykly hospodárske |
| 610 | 2 | 0 | |a štát |
| 610 | 2 | 0 | |a deflácia |
| 610 | 2 | 0 | |a inflácia |